[Event "Krapina op 9th"]
[White "Zigovecki, Vladimir"]
[Black "Takac, Zvonko"]
[Site "Krapina"]
[Round "6"]
[Result "0-1"]
[Date "2019.01.20"]
[WhiteElo "1854"]
[BlackElo "2067"]
[PlyCount "76"]
[EventDate "2019.01.17"]
[EventType "swiss"]
[EventRounds "7"]
[EventCountry "CRO"]
[SourceTitle "CBM 188 Extra"]
[Source "ChessBase"]
[SourceDate "2019.02.28"]
[SourceVersion "1"]
[SourceVersionDate "2019.02.28"]
[SourceQuality "1"]

1. d4 d5 2. Nf3 Nf6 3. c4 c6 4. cxd5 cxd5 5. Nc3 e6 6. Bf4 a6 7. e3 Nc6 8. Rc1 Qb6 9. Rb1 Bd7 10. Be2 Be7 11. 0-0 0-0 12. Ne5 Rac8 13. Nxd7 Nxd7 14. a3 f5 15. h3 Qa7 16. b4 Nxd4 17. exd4 Rxc3 18. Rb3 Rxb3 19. Qxb3 Qxd4 20. Be3 Qf6 21. Bf3 Ne5 22. Bxd5 exd5 23. Qxd5+ Nf7 24. Qxb7 f4 25. Bc5 Bxc5 26. bxc5 Nd8 27. Qd5+ Qe6 28. Qf3 Qc4 29. Re1 Qxc5 30. h4 Nc6 31. Qb3+ Kh8 32. Qb2 f3 33. gxf3 Nd4 34. Re4 Nxf3+ 35. Kg2 Nxh4+ 36. Kh3 Qf5+ 37. Rg4 Ng6 38. Kg3 Qf3+ 0-1

[Event "Krapina op 9th"]
[White "Trsinski, Stjepan"]
[Black "Zigovecki, Vladimir"]
[Site "Krapina"]
[Round "3"]
[Result "0-1"]
[Date "2019.01.18"]
[WhiteElo "1732"]
[BlackElo "1854"]
[PlyCount "58"]
[EventDate "2019.01.17"]
[EventType "swiss"]
[EventRounds "7"]
[EventCountry "CRO"]
[SourceTitle "CBM 188 Extra"]
[Source "ChessBase"]
[SourceDate "2019.02.28"]
[SourceVersion "1"]
[SourceVersionDate "2019.02.28"]
[SourceQuality "1"]

1. d4 Nf6 2. Nf3 d5 3. Bf4 e6 4. e3 Nbd7 5. Bd3 c5 6. c3 c4 7. Bc2 b5 8. Nbd2 Bb7 9. 0-0 Be7 10. Ne5 0-0 11. Ndf3 Re8 12. Nxf7 Kxf7 13. Ng5+ Kg8 14. Nxe6 Qb6 15. Ng5 Nf8 16. Nh3 Bc8 17. Be5 Ng4 18. Nf4 Nxe5 19. Nxd5 Qd6 20. dxe5 Qxe5 21. Qf3 Bb7 22. Be4 Bd6 23. Bxh7+ Nxh7 24. Rfd1 Rf8 25. Nf6+ Nxf6 26. Qxb7 Ng4 27. Qd5+ Qxd5 28. Rxd5 Bxh2+ 29. Kh1 Bc7 0-1

[Event "Krapina op 9th"]
[White "Zigovecki, Vladimir"]
[Black "Puljic, Ljubomir"]
[Site "Krapina"]
[Round "1"]
[Result "1-0"]
[Date "2019.01.17"]
[WhiteElo "1854"]
[BlackElo "1392"]
[PlyCount "78"]
[EventDate "2019.01.17"]
[EventType "swiss"]
[EventRounds "7"]
[EventCountry "CRO"]
[SourceTitle "CBM 188 Extra"]
[Source "ChessBase"]
[SourceDate "2019.02.28"]
[SourceVersion "1"]
[SourceVersionDate "2019.02.28"]
[SourceQuality "1"]

1. d4 Nf6 2. c4 g6 3. Nc3 Bg7 4. e4 d6 5. f4 Bg4 6. Nf3 Nfd7 7. Be3 c5 8. d5 Nb6 9. h3 Bxf3 10. Qxf3 Bxc3+ 11. bxc3 N8d7 12. Bd3 Qc7 13. a4 a5 14. 0-0 0-0-0 15. Rfb1 h5 16. Rb5 Na8 17. Bf2 b6 18. Re1 f6 19. e5 fxe5 20. fxe5 Rhf8 21. Qg3 Nxe5 22. Rxe5 dxe5 23. Qxg6 Qd6 24. Qe4 Rf4 25. Qe3 Rdf8 26. Bg3 Nc7 27. Rb1 Kb7 28. Re1 h4 29. Bxf4 Rxf4 30. Qxe5 Rf7 31. Qxd6 exd6 32. Re4 Rg7 33. Kf2 Rg3 34. Re3 Rg5 35. g3 hxg3+ 36. Rxg3 Rh5 37. Kg2 b5 38. cxb5 Nxd5 39. Be4 Kc7 1-0

[Event "Hum na Sutli op 11th"]
[White "Blazeka, Mihaela"]
[Black "Zigovecki, Vladimir"]
[Site "Hum na Sutli"]
[Round "4"]
[Result "1/2-1/2"]
[Date "2017.08.28"]
[WhiteElo "2101"]
[BlackElo "1912"]
[PlyCount "134"]
[EventDate "2017.08.25"]
[EventType "swiss"]
[EventRounds "9"]
[EventCountry "CRO"]
[SourceTitle "EXT 2018"]
[Source "ChessBase"]
[SourceDate "2017.10.13"]
[SourceVersion "1"]
[SourceVersionDate "2017.10.13"]
[SourceQuality "1"]

1. e4 e6 2. d4 d5 3. Nd2 dxe4 4. Nxe4 Nd7 5. Bd3 Ngf6 6. Qe2 Be7 7. Nf3 0-0 8. c3 c5 9. 0-0 cxd4 10. Nxd4 Nc5 11. Nxf6+ Bxf6 12. Bxh7+ Kxh7 13. Qh5+ Kg8 14. Qxc5 b6 15. Qc6 Ba6 16. Rd1 Qe7 17. Qa4 Bb7 18. Ne2 Rfd8 19. Be3 Rxd1+ 20. Rxd1 Rd8 21. f3 Rxd1+ 22. Qxd1 e5 23. Ng3 g6 24. Qd3 Qe6 25. b3 a6 26. c4 Be7 27. Ne4 f5 28. Nc3 e4 29. fxe4 fxe4 30. Qd4 Bf6 31. Qd2 Bxc3 32. Qxc3 Qd6 33. Qd4 Qxd4 34. Bxd4 b5 35. Kf2 Kf7 36. Ke3 bxc4 37. bxc4 g5 38. Bb6 Ke6 39. g4 Ke7 40. Kd4 Bc8 41. h3 Be6 42. a4 e3 43. Kd3 e2 44. Bf2 Bd7 45. a5 Bc6 46. Kxe2 Bg2 47. h4 gxh4 48. Bxh4+ Ke6 49. Bd8 Kd7 50. Bb6 Bh3 51. Kf3 Bf1 52. c5 Bb5 53. Kf4 Ke6 54. Kg5 Kf7 55. Kf5 Bd7+ 56. Ke5 Bxg4 57. Kd6 Ke8 58. c6 Bf3 59. Kc7 Be4 60. Be3 Bf3 61. Bg5 Bg2 62. Kb6 Bf3 63. Bf6 Be4 64. Be5 Kd8 65. c7+ Kc8 66. Kxa6 Bf3 67. Kb6 Be4 1/2-1/2

[Event "Krapina op 7th"]
[White "Takac, Zvonko"]
[Black "Zigovecki, Vladimir"]
[Site "Krapina"]
[Round "3"]
[Result "0-1"]
[Date "2017.01.13"]
[WhiteElo "2005"]
[BlackElo "1885"]
[PlyCount "56"]
[EventDate "2017.01.12"]
[EventType "swiss"]
[EventRounds "7"]
[EventCountry "CRO"]
[SourceTitle "CBM 176 Extra"]
[Source "ChessBase"]
[SourceDate "2017.03.02"]
[SourceVersion "1"]
[SourceVersionDate "2017.03.02"]
[SourceQuality "1"]

1. d4 Nf6 2. c4 e5 3. dxe5 Ng4 4. Bf4 Nc6 5. Nf3 Bb4+ 6. Nc3 Bxc3+ 7. bxc3 Qe7 8. Qd5 Qa3 9. Rc1 f6 10. exf6 Nxf6 11. Qd2 d6 12. e3 0-0 13. h3 Bf5 14. Nd4 Nxd4 15. cxd4 Ne4 16. Qd1 Qa5+ 17. Ke2 Nc3+ 18. Rxc3 Qxc3 19. Qb3 Bd3+ 20. Kd1 Qa1+ 21. Kd2 Bxf1 22. Bg3 Kh8 23. f3 a6 24. Be1 Bxg2 25. Rg1 Bxf3 26. Bf2 Bd1 27. Rxd1 Rxf2+ 28. Ke1 Qxa2 0-1

[Event "Krapina op 6th"]
[White "Krklec, Josip"]
[Black "Zigovecki, Vladimir"]
[Site "Krapina"]
[Round "7"]
[Result "1/2-1/2"]
[Date "2016.01.24"]
[WhiteElo "2064"]
[BlackElo "1637"]
[PlyCount "186"]
[EventDate "2016.01.21"]
[EventType "swiss"]
[EventRounds "7"]
[EventCountry "CRO"]
[SourceTitle "CBM 170 Extra"]
[Source "ChessBase"]
[SourceDate "2016.02.25"]
[SourceVersion "1"]
[SourceVersionDate "2016.02.25"]
[SourceQuality "1"]

1. d4 d5 2. c4 Bf5 3. Nc3 e6 4. cxd5 exd5 5. Qb3 Nc6 6. e3 Nb4 7. e4 dxe4 8. Be3 Nf6 9. Bc4 Nd3+ 10. Kf1 Bg6 11. Nxe4 Nxe4 12. Bxd3 Bd6 13. Nf3 0-0 14. g3 b6 15. Nh4 Qe7 16. Nxg6 hxg6 17. Kg2 Kh8 18. Rhe1 f5 19. f3 Nf6 20. Bf4 Qd8 21. Bg5 Qd7 22. Rac1 c6 23. Re6 Rae8 24. Rce1 Nd5 25. Rxe8 Rxe8 26. Qd1 Re6 27. a3 Qe8 28. Rxe6 Qxe6 29. Qe2 Qxe2+ 30. Bxe2 b5 31. Bd3 Kh7 32. Kf2 a5 33. h4 Be7 34. Bd2 a4 35. h5 b4 36. axb4 Bxb4 37. Ke2 a3 38. bxa3 Bxa3 39. g4 Ne7 40. Bg5 gxh5 41. gxh5 Kg8 42. Bc4+ Kf8 43. Be6 Bd6 44. Kd3 Nd5 45. Kc4 Nf4 46. Bxf5 Nxh5 47. Bd7 Nf6 48. Bxc6 Ke7 49. Kb5 Bc7 50. Kc5 Bd6+ 51. Kb6 Ke6 52. Be4 Nd5+ 53. Kc6 Ne7+ 54. Kb5 Ba3 55. Kc4 Bd6 56. Kd3 Ba3 57. Bf4 Ng8 58. Ke2 Nf6 59. Be5 Bf8 60. Kf2 Be7 61. Ke3 g5 62. Bb7 Ba3 63. Kd3 Bc1 64. Kc4 Ke7 65. Bc8 Nh5 66. Kd5 Nf6+ 67. Kc6 Ba3 68. d5 Ne8 69. Bg4 Nd6 70. Bd4 Ne8 71. Bc5+ Bxc5 72. Kxc5 Nd6 73. Kc6 Ne8 74. Bd7 Nd6 75. Kc7 Nf7 76. Bg4 Nd6 77. Kc6 Ne8 78. Kc5 Nd6 79. Bh5 Nc8 80. Bg4 Nd6 81. Be6 Ne8 82. Bg8 Nd6 83. Kd4 Kf6 84. Kc5 Ke7 85. Bh7 Ne8 86. Bg6 Nd6 87. Kc6 Nc8 88. Kc7 Nd6 89. Bh5 Nb5+ 90. Kb6 Nd6 91. Bg4 Nc4+ 92. Kc7 Nd6 93. Kc6 Ne8 1/2-1/2

[Event "Hum na Sutli op 9th"]
[White "Tomazini, Aljosa"]
[Black "Zigovecki, Vladimir"]
[Site "Hum na Sutli"]
[Round "3"]
[Result "1-0"]
[Date "2015.08.30"]
[WhiteElo "2292"]
[BlackElo "1919"]
[PlyCount "75"]
[EventDate "2015.08.28"]
[EventType "swiss"]
[EventRounds "9"]
[EventCountry "CRO"]
[SourceTitle "EXT 2016"]
[Source "ChessBase"]
[SourceDate "2015.10.08"]
[SourceVersion "1"]
[SourceVersionDate "2015.10.08"]
[SourceQuality "1"]

1. d4 Nf6 2. Bg5 d6 3. Bxf6 gxf6 4. g3 Nd7 5. Bg2 c5 6. c3 Qb6 7. Qd2 e5 8. Nf3 e4 9. Nh4 d5 10. 0-0 Qe6 11. Na3 a6 12. Nc2 h5 13. dxc5 Bxc5 14. Nd4 Qb6 15. Ndf5 Qc6 16. Rad1 Nb6 17. Bxe4 Be6 18. Ng7+ Kf8 19. Nxe6+ fxe6 20. Bf3 Kg7 21. Qd3 Rh6 22. e4 dxe4 23. Bxe4 Qc7 24. Bf3 Be7 25. Ng2 h4 26. Nf4 f5 27. Rfe1 hxg3 28. Nxe6+ Rxe6 29. Rxe6 gxf2+ 30. Kf1 Rf8 31. Qd4+ Bf6 32. Qxb6 Qxh2 33. Qxf2 Qf4 34. Qe3 Qc4+ 35. Qe2 Qf4 36. Rd7+ Kh8 37. Rxf6 Rg8 38. Rff7 1-0

[Event "Hum na Sutli op"]
[White "Zigovecki, Vladimir"]
[Black "Jelecevic, Ivo"]
[Site "Hum na Sutli"]
[Round "6"]
[Result "0-1"]
[Date "2010.11.25"]
[WhiteElo "1989"]
[BlackElo "2233"]
[PlyCount "68"]
[EventDate "2010.11.20"]
[EventType "swiss"]
[EventRounds "9"]
[EventCountry "CRO"]
[SourceTitle "CBM 139 Extra"]
[Source "ChessBase"]
[SourceDate "2011.01.05"]
[SourceVersion "1"]
[SourceVersionDate "2011.01.05"]
[SourceQuality "1"]

1. d4 Nf6 2. c4 e6 3. Nc3 d5 4. Bg5 Be7 5. Nf3 0-0 6. e3 b6 7. cxd5 exd5 8. Bd3 Be6 9. 0-0 Nbd7 10. Bb5 a6 11. Bc6 Ra7 12. Ne5 Nb8 13. Ba4 c5 14. Rc1 b5 15. Bc2 b4 16. Na4 c4 17. Bxf6 Bxf6 18. f4 Rc7 19. f5 Bc8 20. Qf3 Re8 21. Ng4 Bg5 22. Rce1 a5 23. g3 c3 24. b3 Ba6 25. Rf2 Nc6 26. Qd1 h5 27. Nc5 Bb5 28. h4 hxg4 29. hxg5 Qxg5 30. Rf4 Rce7 31. Rxg4 Rxe3 32. Rxg5 Rxe1+ 33. Kf2 Rxd1 34. Bxd1 Nxd4 0-1

[Event "Hum na Sutli op"]
[White "Sribar, Peter"]
[Black "Zigovecki, Vladimir"]
[Site "Hum na Sutli"]
[Round "5"]
[Result "1/2-1/2"]
[Date "2010.11.24"]
[WhiteElo "2183"]
[BlackElo "1989"]
[PlyCount "47"]
[EventDate "2010.11.20"]
[EventType "swiss"]
[EventRounds "9"]
[EventCountry "CRO"]
[SourceTitle "CBM 139 Extra"]
[Source "ChessBase"]
[SourceDate "2011.01.05"]
[SourceVersion "1"]
[SourceVersionDate "2011.01.05"]
[SourceQuality "1"]

1. d4 Nf6 2. c4 e5 3. dxe5 Ng4 4. Bf4 Nc6 5. Nf3 Bb4+ 6. Nbd2 Qe7 7. a3 Ncxe5 8. Nxe5 Nxe5 9. e3 Bxd2+ 10. Qxd2 d6 11. Be2 0-0 12. 0-0 Re8 13. Rad1 b6 14. b4 Bb7 15. Qc3 Ng6 16. Bg3 Nh4 17. Bxh4 Qxh4 18. Rd4 Qf6 19. Rc1 a5 20. b5 Re7 21. Rf4 Qxc3 22. Rxc3 Re5 23. h4 Rae8 24. Rd3 1/2-1/2

[Event "Hum na Sutli op"]
[White "Miksa, Ivan"]
[Black "Zigovecki, Vladimir"]
[Site "Hum na Sutli"]
[Round "4"]
[Result "0-1"]
[Date "2010.11.23"]
[WhiteElo "1682"]
[BlackElo "1989"]
[PlyCount "114"]
[EventDate "2010.11.20"]
[EventType "swiss"]
[EventRounds "9"]
[EventCountry "CRO"]
[SourceTitle "CBM 139 Extra"]
[Source "ChessBase"]
[SourceDate "2011.01.05"]
[SourceVersion "1"]
[SourceVersionDate "2011.01.05"]
[SourceQuality "1"]

1. g3 d5 2. Bg2 Bf5 3. d3 Nf6 4. c4 c6 5. Qb3 Qb6 6. Qxb6 axb6 7. cxd5 cxd5 8. Nf3 e6 9. h3 h6 10. Nh4 Bh7 11. 0-0 Nc6 12. a3 Nd4 13. Be3 Nc2 14. Ra2 Nxe3 15. fxe3 Bd6 16. Nc3 Bxg3 17. Nf3 0-0 18. Raa1 Rfc8 19. Rac1 Nd7 20. d4 Rc6 21. Bh1 Rac8 22. Kg2 Bd6 23. Nd2 Nf6 24. Nb3 Ne4 25. Nb5 Bb8 26. Rfd1 Rxc1 27. Rxc1 Rxc1 28. Nxc1 Nd2 29. Kf2 Bc2 30. Na2 g5 31. Nac3 Kg7 32. Ke1 Nc4 33. b4 Bg3+ 34. Kf1 Nxe3+ 35. Kg1 Bf5 36. Bg2 Be1 37. Kh2 h5 38. Na4 Nc4 39. Nbc3 Bxc3 40. Nxc3 Nxa3 41. e4 dxe4 42. Nxe4 Bxe4 43. Bxe4 f5 44. Bxb7 Nc2 45. d5 exd5 46. Bxd5 Nxb4 47. Bc4 Kf6 48. Kg3 h4+ 49. Kf3 Nc6 50. Ba6 Ne5+ 51. Kf2 g4 52. hxg4 fxg4 53. Bb5 Kg5 54. Ba6 Kf4 55. Be2 h3 56. Kg1 g3 57. Bd1 Nf3+ 0-1

[Event "Hum na Sutli op"]
[White "Slamar, Velimir"]
[Black "Zigovecki, Vladimir"]
[Site "Hum na Sutli"]
[Round "2"]
[Result "1-0"]
[Date "2010.11.21"]
[WhiteElo "2191"]
[BlackElo "1989"]
[PlyCount "55"]
[EventDate "2010.11.20"]
[EventType "swiss"]
[EventRounds "9"]
[EventCountry "CRO"]
[SourceTitle "CBM 139 Extra"]
[Source "ChessBase"]
[SourceDate "2011.01.05"]
[SourceVersion "1"]
[SourceVersionDate "2011.01.05"]
[SourceQuality "1"]

1. Nf3 d5 2. c4 c6 3. g3 Bf5 4. Bg2 e6 5. 0-0 Nf6 6. d4 Be7 7. Nc3 h6 8. Bf4 Nbd7 9. Qb3 Qc8 10. cxd5 exd5 11. Rac1 a6 12. Ne5 Be6 13. Rfd1 0-0 14. h3 g5 15. Be3 Nxe5 16. dxe5 Ne4 17. Nxd5 cxd5 18. Rxc8 Rfxc8 19. Bd4 b5 20. Kh2 Rc4 21. f3 Nc5 22. Qe3 Rc8 23. f4 Nd7 24. Rf1 gxf4 25. gxf4 R8c6 26. f5 Bg5 27. Qf2 Bxf5 28. Qxf5 1-0

[Event "Velika Gorica op 7th"]
[White "Zigovecki, Vladimir"]
[Black "Raguz, Dario"]
[Site "Velika Gorica"]
[Round "8"]
[Result "0-1"]
[Date "2007.08.24"]
[WhiteElo "2040"]
[BlackElo "2185"]
[PlyCount "88"]
[EventDate "2007.08.18"]
[EventType "swiss"]
[EventRounds "9"]
[EventCountry "CRO"]
[SourceTitle "CBM 120 Extra"]
[Source "ChessBase"]
[SourceDate "2007.11.01"]
[SourceVersion "1"]
[SourceVersionDate "2007.11.01"]
[SourceQuality "1"]

1. d4 Nf6 2. c4 e6 3. Nc3 Bb4 4. Bd2 c5 5. a3 Bxc3 6. Bxc3 b6 7. f3 d6 8. d5 0-0 9. e4 e5 10. Bd3 Nh5 11. Ne2 Nd7 12. 0-0 g6 13. Qd2 f6 14. Rf2 Qe7 15. Raf1 Ba6 16. g3 Rf7 17. f4 Raf8 18. f5 g5 19. b4 cxb4 20. axb4 Rc8 21. b5 Bb7 22. Nc1 Nc5 23. Qe2 Ng7 24. Na2 a5 25. bxa6 Bxa6 26. Nb4 Nxd3 27. Nc6 Rxc6 28. dxc6 Nxf2 29. Rxf2 Rf8 30. Bb4 Qf7 31. Bxd6 Bxc4 32. Qb2 Rc8 33. Qxb6 Ne8 34. Rd2 Nc7 35. Bc5 Ba6 36. Rd5 Nxd5 37. Qxa6 Rb8 38. Bd6 Rb1+ 39. Kf2 Nb6 40. c7 Rb2+ 41. Kf1 Qd7 42. Qa3 Qb5+ 43. Kg1 Rb1+ 44. Kg2 Qf1# 0-1

[Event "Velika Gorica op 7th"]
[White "Zigovecki, Vladimir"]
[Black "Heged, Vlado"]
[Site "Velika Gorica"]
[Round "7"]
[Result "0-1"]
[Date "2007.08.23"]
[WhiteElo "2040"]
[BlackElo "2154"]
[PlyCount "58"]
[EventDate "2007.08.18"]
[EventType "swiss"]
[EventRounds "9"]
[EventCountry "CRO"]
[SourceTitle "CBM 120 Extra"]
[Source "ChessBase"]
[SourceDate "2007.11.01"]
[SourceVersion "1"]
[SourceVersionDate "2007.11.01"]
[SourceQuality "1"]

1. d4 e6 2. e4 d5 3. Nc3 Bb4 4. e5 Ne7 5. a3 Bxc3+ 6. bxc3 c5 7. Nf3 Nbc6 8. a4 Bd7 9. Ba3 c4 10. h4 Qa5 11. Qd2 f6 12. exf6 gxf6 13. Be2 0-0-0 14. 0-0 Nf5 15. Rfb1 Rdg8 16. Rb5 Qc7 17. Rab1 Nd8 18. Rc5 Bc6 19. a5 b6 20. axb6 axb6 21. Rxc6 Nxc6 22. Qc1 Rg4 23. Kf1 Rhg8 24. Qb2 Rxg2 25. Qb5 Rxf2+ 26. Ke1 Rxe2+ 27. Kd1 Rgg2 28. Qa6+ Qb7 29. Qxb7+ Kxb7 0-1